Dworce Autobusowe w Krakowie - Statystyki

Ogólne statystyki
  • Ten quiz został rozwiązany 26 razy
  • Średni wynik to 7 z 11
Statystyki odpowiedzi
Dzielnica Dworzec % Poprawnych
XIV czyżyny Czyżyny Dworzec
91%
XV Mistrzejowice Mistrzejowice
73%
III Prądnik Czerwony Prądnik Czerwony
68%
IX Łagiewniki Borek Fałęcki
64%
XIII Podgórze Podgórze SKA
64%
IV Prądnik Biały Krowodrza Górka P+R
59%
VIII Dębniki Czerwone Maki P+R
50%
IV Prądnik Biały Górka Narodowa P+R
50%
V Krowodrza Nowy Kleparz
45%
VIII Dębniki Os. Podwawelskie
45%
XIII Podgórze Mały Płaszów P+R
41%
Nie znaleziono quizów pasujących do podanych kryteriów
Rozkład punktacji
Procent ludzi z każdym wynikiem
Percentyl według liczby udzielonych odpowiedzi
Twoja historia wyników
Nie rozwiązałeś tego quizu